Supply Chain Management (Record no. 2995)

MARC details
000 -LEADER
fixed length control field 00317nam a2200133Ia 4500
008 - FIXED-LENGTH DATA ELEMENTS--GENERAL INFORMATION
fixed length control field 191201s2009 xx 000 0 und d
082 ## - DEWEY DECIMAL CLASSIFICATION NUMBER
Classification number 658.84
Item number CHS
100 ## - MAIN ENTRY--PERSONAL NAME
Personal name CHOPRA, Sunil
245 #0 - TITLE STATEMENT
Title Supply Chain Management
260 ## - PUBLICATION, DISTRIBUTION, ETC. (IMPRINT)
Place of publication, distribution, etc N.Delhi
Name of publisher, distributor, etc Pearson Education
Date of publication, distribution, etc 2009
300 ## - PHYSICAL DESCRIPTION
Extent 643
650 ## - SUBJECT ADDED ENTRY--TOPICAL TERM
Topical term or geographic name as entry element MBA
942 ## - ADDED ENTRY ELEMENTS (KOHA)
Source of classification or shelving scheme Dewey Decimal Classification
Koha item type Text Books
Holdings
Withdrawn status Lost status Source of classification or shelving scheme Damaged status Not for loan Collection code Home library Current library Date acquired Source of acquisition Cost, normal purchase price Bill Number Total Checkouts Full call number Acc. no. / Barcode Date last seen Bill Date Koha item type Date last borrowed Actual Cost, discounted price
    Dewey Decimal Classification     MBA PIET C-LIBRARY PIET C-LIBRARY 21/08/2007 J B C, New Delhi 275.00 712   658.84 CHS 6937 04/12/2019 30/07/2007 Text Books    
    Dewey Decimal Classification     MBA PIET C-LIBRARY PIET C-LIBRARY 21/08/2007 J B C, New Delhi 275.00 712 16 658.7 CHS 6938 08/05/2025 30/07/2007 Text Books 29/04/2025  
    Dewey Decimal Classification     MBA PIET C-LIBRARY PIET C-LIBRARY 21/08/2007 J B C, New Delhi 275.00 712 10 658.7 CHS 6939 17/06/2024 30/07/2007 Text Books 01/06/2024  
    Dewey Decimal Classification     MBA PIET C-LIBRARY PIET C-LIBRARY 21/01/2015 KIRTI PRAKASHAN, NEW DELHI 650.00 IN2083   658.84 CHS 25145 04/12/2019 12/01/2015 Text Books   435.50
    Dewey Decimal Classification     BBA PIET C-LIBRARY PIET C-LIBRARY 17/06/2016 PHI 325.00 TCM/2016/10403 3 658.84 CHS 28694 18/06/2024 13/06/2016 Text Books 03/06/2024 122.44
    Dewey Decimal Classification     BBA PIET C-LIBRARY PIET C-LIBRARY 17/06/2016 PHI 325.00 TCM/2016/10403 3 658.84 CHS 28695 13/06/2024 13/06/2016 Text Books 30/05/2024 122.44

Design & Developed by: PIET Central Library
R70 Miles Stone Pattikalyana Samalkha Panipat 132102
mail ID :- [email protected], Phone No:- 0180-2569700 Ex.216